| 000 | 003210000a22001210004500 | ||
|---|---|---|---|
| 090 |
_aAR _b04410 |
||
| 245 | 1 | 0 | _aCycnoches herrenhusanum, ein neufund aus Kolumbie |
| 041 | 0 | _aAlemán | |
| 700 | 1 |
_aRomero, Gustavo _998290 |
|
| 100 | 1 |
_aRudolf, Jenny _998291 |
|
| 942 | _cARTICULO | ||
| 773 | 1 |
_tDie Orchidee _h2 _q68-72 _d1991 _g42 |
|
| 999 |
_c13507 _d13507 |
||